000 00948nam a2200277 i 4500
001 000026907
003 DO-SdBNP
005 20260519134620.0
007 ta
008 110328s1975 dr ac 000 0 spa d
040 _aDO-SdBNP
_bspa
_cBNPHU
_erda
041 _aspa
082 4 _axxx
_bxxx
_222
100 1 _aCastellanos, Rafael C.,
_eautor
_4aut,
_954014
245 1 0 _aObras I /
_cRafael C. Castellanos ; presentación, Octavio Antonio Beras Rojas.
264 1 _aSanto Domingo :
_beditor no identificado,
_c1975.
300 _a648 páginas :
_bilustraciones, retratos ;
_c24 cm.
336 _atexto
_btxt
_2rdacontent
337 _asin mediación
_bn
_2rdamedia
338 _avolumen
_bnc
_2rdacarrier
500 _aEdición conmemorativa del Primer Centenario de su Nacimiento 1875- 6 de agosto - 1975
590 _aInventariado, 2024/DG
700 1 _aBeras Rojas, Octavio Antonio,
_epresentación
_954015
910 _aDG
942 _2ddc
_cLBS1
999 _c26399
_d26399